[Event "RUS-ch Men Blitz 2019"]
[Site "Sochi"]
[Date "2019.10.17"]
[Round "6.22"]
[White "Dianov, Alexey"]
[Black "Oganian, Miran"]
[Result "1-0"]
[WhiteElo "2158"]
[BlackElo "2436"]
[Annotator "NA"]
[PlyCount "81"]
[EventDate "2019.10.17"]
[EventType "swiss"]
[EventCountry "RUS"]
[SourceTitle "playchess.com"]
[Source "ChessBase"]
[SourceQuality "1"]
[TimeControl "180+2"]

1. e4 {[%emt 0:00:00]} c5 {[%emt 0:00:00]} 2. c3 {[%emt 0:00:00]} Nf6 {[%emt 0:00:00]} 3. e5 {[%emt 0:00:00]} Nd5 4. d4 cxd4 {[%emt 0:00:01]} 5. Qxd4 {[%emt 0:00:01]} e6 {[%emt 0:00:01]} 6. Nf3 {[%emt 0:00:01]} Nc6 7. Qe4 Nde7 {[%emt 0:00:01]} 8. Bb5 {[%emt 0:00:06]} Qc7 {[%emt 0:00:14]} 9. O-O {[%emt 0:00:08]} Ng6 {[%emt 0:00:14]} 10. Bxc6 {[%emt 0:00:13]} bxc6 {[%emt 0:00:14]} 11. Nbd2 {[%emt 0:00:04]} d5 {[%emt 0:00:05]} 12. exd6 {[%emt 0:00:02]} Bxd6 {[%emt 0:00:00]} 13. Nc4 {[%emt 0:00:04]} Be7 {[%emt 0:00:04]} 14. Rd1 {[%emt 0:00:33]} O-O {[%emt 0:00:06]} 15. Nce5 {[%emt 0:00:15]} Nxe5 {[%emt 0:01:02]} 16. Nxe5 {[%emt 0:00:01]} Bb7 {[%emt 0:00:01]} 17. Rd7 {[%emt 0:00:02]} Rad8 {[%emt 0:00:01]} 18. Rxd8 {[%emt 0:00:15]} Rxd8 {[%emt 0:00:06]} 19. Bf4 {[%emt 0:00:01]} c5 {[%emt 0:00:21]} 20. Qe3 {[%emt 0:00:07]} Qb6 {[%emt 0:00:07]} 21. Nc4 {[%emt 0:00:01]} Qc6 {[%emt 0:00:03]} 22. f3 {[%emt 0:00:03]} Ba6 {[%emt 0:00:10]} 23. Ne5 {[%emt 0:00:12]} Qb5 {[%emt 0:00:06]} 24. b3 {[%emt 0:00:12]} f6 {[%emt 0:00:11]} 25. c4 {[%emt 0:00:05]} Qb6 {[%emt 0:00:16]} 26. Nd3 {[%emt 0:00:11]} e5 {[%emt 0:00:01]} 27. Bg3 {[%emt 0:00:03]} Qd6 {[%emt 0:00:03]} 28. Nf2 {[%emt 0:00:13]} Bc8 {[%emt 0:00:08]} 29. Rd1 {[%emt 0:00:02]} Qc7 {[%emt 0:00:07]} 30. Rxd8+ {[%emt 0:00:09]} Qxd8 {[%emt 0:00:01]} 31. Qd3 {[%emt 0:00:04]} Qb6 {[%emt 0:00:06]} 32. Ne4 {[%emt 0:00:04]} Be6 {[%emt 0:00:07]} 33. Nc3 {[%emt 0:00:01]} Qc6 {[%emt 0:00:03]} 34. Bf2 {[%emt 0:00:05]} Bf8 {[%emt 0:00:03]} 35. h3 {[%emt 0:00:08]} Bf7 {[%emt 0:00:01]} 36. Qd2 {[%emt 0:00:05]} h5 {[%emt 0:00:02]} 37. Qd8 {[%emt 0:00:02]} Qa6 {[%emt 0:00:04]} 38. Bxc5 {[%emt 0:00:03]} Kh7 {[%emt 0:00:03]} 39. Qxf8 {[%emt 0:00:03]} Bg6 {[%emt 0:00:01]} 40. Qd6 {[%emt 0:00:08]} Qa5 {[%emt 0:00:01]} 41. Bb4 {[%emt 0:00:01]} 1-0

[Event "RUS-ch Men Blitz 2019"]
[Site "Sochi"]
[Date "2019.10.17"]
[Round "6.23"]
[White "Eraschenkov, Denis"]
[Black "Yeritsyan, Aram"]
[Result "1/2-1/2"]
[WhiteElo "2382"]
[BlackElo "2271"]
[Annotator "TA"]
[PlyCount "151"]
[EventDate "2019.10.17"]
[EventType "swiss"]
[EventCountry "RUS"]
[SourceTitle "playchess.com"]
[Source "ChessBase"]
[SourceQuality "1"]

{[%evp 17,151,0,0,0,-4,0,7,0,0,0,-8,-10,-8,-14,-17,-22,-20,-18,0,-69,0,-6,0,0,296,-137,-18,-10,109,112,102,94,108,38,43,0,0,-78,-78,-73,-68,-74,-72,-73,-84,-70,-8,-9,-8,-14,-8,-14,0,-14,0,-14,0,-14,0,-14,0,-8,0,0,0,0,0,0,0,0,0,0,0,0,150,147,135,131,326,279,467,467,489,393,279,215,409,389,593,585,557,477,490,0,0,0,0,0,8,0,0,-66,-74,-29978,-29977,-29978,-29980,-29980,-29981,-29981,-29981,-29983,-29984,-29984,-29985,-29985,-29986,-29986,0,0,0,0,0,0,0,0,0,0,0,0,0,0,0,0,0,0]} 1. e4 e5 2. Nf3 Nc6 3. Bb5 a6 4. Ba4 Nf6 5. O-O Be7 6. Re1 b5 7. Bb3 O-O 8. a4 Bb7 9. Nc3 Nd4 10. Nxd4 {C88: Closed Ruy Lopez: Anti-Marshall Systems} exd4 11. Nd5 Nxd5 12. Bxd5 c6 (12... Bxd5 13. exd5 Bf6 {½-½ (13) Tan,J (2484)-Tarlev,K (2552) Ortisei 2018}) 13. Bb3 c5 $146 ({Predecessor:} 13... d3 14. cxd3 Bc5 15. Qf3 Bd4 16. Ra2 Qe7 17. Bc2 c5 {0-1 (32) Tournier,P (2122)-Tachikart,Y (2074) France 2007}) 14. d3 Qc7 15. Bd5 Bxd5 16. exd5 Bd6 17. h4 Qb7 18. Qf3 (18. axb5 $11 axb5 19. Rxa8 Qxa8 20. Qf3) 18... Rfe8 (18... Rae8 $15 19. Rf1 b4) 19. Re4 $11 Qxd5 (19... bxa4 {is more complex.} 20. Rxa4 Be5 21. Re2 Bc7 22. b3 Rxe2 23. Qxe2 Qxd5 24. Rxa6 Bd6) 20. Bf4 $1 Rxe4 $4 {[%mdl 8192]} (20... Rf8 $11 {and Black is okay.}) 21. Bxd6 $2 (21. dxe4 $18 Qe6 22. e5 {[%mdl 64] Discovered Attack}) 21... Qxd6 (21... Rae8 $17 {Strongly threatening ...Re1+.} 22. dxe4 Qxd6) 22. Qxe4 Qc6 (22... Rb8 $11) 23. axb5 $16 Qxe4 24. dxe4 {[%mdl 4096] Endgame KR-KR} a5 25. Ra4 (25. Kf1 $16) 25... Kf8 $1 $14 26. Rc4 d6 27. e5 (27. Ra4 $11) 27... Ke7 $17 28. Kf1 Rb8 29. b3 Rxb5 30. exd6+ Kxd6 31. Ra4 {[#]} Kd5 (31... d3 $1 $15 {[%mdl 512]} 32. cxd3 Rxb3) 32. Ke2 $11 Ke4 33. g3 Kd5 34. Kd3 Kc6 35. Ra1 Kd6 36. Ra4 Kd5 37. Ra1 Kc6 38. Ra2 Kb6 39. Ra1 Kc6 40. h5 h6 41. Ra2 Kd6 42. Ra1 Ke6 43. Ke4 Kd6 44. Kd3 Kd5 45. Ra4 Ke6 (45... g6 $11) 46. Kc4 $16 Rb8 47. Rxa5 Kf5 $2 (47... d3 $16) 48. Rxc5+ Kg4 $2 (48... Ke4 49. Rc7 g5 50. hxg6 (50. Rxf7 Rc8+ 51. Kb5 Rxc2 $11) 50... fxg6 51. Re7+ Kf5 52. Kxd4 Rd8+ 53. Ke3 Rc8) 49. Kxd4 $18 f5 50. Rc3 Kxh5 51. Ke5 Kg5 $2 (51... g5 52. Kxf5 Rf8+ 53. Ke4 Kg4) 52. Rc4 Re8+ (52... Rb5+ {was worth a try.} 53. Kd6 Kf6) 53. Kd6 Re2 54. f3 Re3 55. g4 $2 (55. b4 $18) 55... Rxf3 56. gxf5 h5 57. b4 {b5 is the strong threat.} h4 {And now ...h3 would win.} 58. b5 {Black must now prevent b6.} h3 {Hoping for ...h2.} 59. Rb4 ({White should play} 59. Rc8 $11) 59... Rf1 $1 $15 ({Much worse is} 59... Rxf5 $6 60. Rb1 $11) 60. Rb3 $2 {[%mdl 8192]} (60. b6 $17) 60... h2 61. Rh3 h1=Q 62. Rxh1 Rxh1 63. c4 Kxf5 {KR-KPP} 64. b6 g5 65. b7 Rb1 66. Kc7 g4 67. c5 g3 $2 (67... Ke6 {mates} 68. b8=B {[#]} Rxb8 $1 {[%mdl 512]} 69. Kxb8 Kd5 70. Kc7 Kxc5 71. Kd8 g3 72. Kd7 g2 73. Ke6 g1=Q 74. Kf5 Kd5 75. Kf4 Qf2+ 76. Kg5 Ke6 77. Kg4 Kf6 78. Kh3 Qg1 79. Kh4 Qg2 80. Kh5 Qh3#) 68. b8=Q $11 {The position is equal.} Rxb8 69. Kxb8 {KP-KP} g2 70. c6 g1=Q {( -> ...Ke6)} 71. c7 Qb6+ 72. Ka8 Qa6+ 73. Kb8 Qb5+ 74. Ka8 Qa5+ 75. Kb8 Qb6+ 76. Ka8 {Accuracy: White = 45%, Black = 30%.} 1/2-1/2

[Event "RUS-ch Men Blitz 2019"]
[Site "Sochi"]
[Date "2019.10.17"]
[Round "6.24"]
[White "Goltsev, Dmitry"]
[Black "Airapetian, Gor"]
[Result "1-0"]
[WhiteElo "2309"]
[BlackElo "2447"]
[Annotator "NA"]
[PlyCount "27"]
[EventDate "2019.10.17"]
[EventType "swiss"]
[EventCountry "RUS"]
[SourceTitle "playchess.com"]
[Source "ChessBase"]
[SourceQuality "1"]
[TimeControl "180+2"]

1. e4 {[%emt 0:00:00]} e6 {[%emt 0:00:00]} 2. Nf3 {[%emt 0:00:00]} d5 {[%emt 0:00:00]} 3. exd5 {[%emt 0:00:01]} exd5 {[%emt 0:00:01]} 4. d4 {[%emt 0:00:01]} Bd6 {[%emt 0:00:01]} 5. Bd3 {[%emt 0:00:02]} Ne7 {[%emt 0:00:10]} 6. O-O {[%emt 0:00:06]} Nbc6 {[%emt 0:00:12]} 7. c3 {[%emt 0:00:02]} Bg4 {[%emt 0:00:03]} 8. h3 {[%emt 0:00:03]} Bh5 {[%emt 0:00:01]} 9. Re1 {[%emt 0:00:15]} Qd7 {[%emt 0:00:04]} 10. b4 {[%emt 0:00:13]} O-O {[%emt 0:00:14]} 11. Bxh7+ {[%emt 0:00:38]} Kh8 {[%emt 0:00:29]} 12. Bd3 {[%emt 0:00:07]} f6 {[%emt 0:00:55]} 13. Nbd2 {[%emt 0:00:28]} Rae8 {[%emt 0:00:28]} 14. Ne5 {[%emt 0:00:14]} 1-0

[Event "RUS-ch Men Blitz 2019"]
[Site "Sochi"]
[Date "2019.10.17"]
[Round "6.25"]
[White "Timofeev, Artyom"]
[Black "Usmanov, Ilnur"]
[Result "1-0"]
[WhiteElo "2595"]
[BlackElo "2144"]
[Annotator "RC"]
[PlyCount "138"]
[EventDate "2019.10.17"]
[EventType "swiss"]
[EventCountry "RUS"]
[SourceTitle "playchess.com"]
[Source "ChessBase"]
[SourceQuality "1"]
[TimeControl "180+2"]

1. c4 {[%emt 0:00:00]} c6 {[%emt 0:00:00]} 2. e3 {[%emt 0:00:04]} d5 {[%emt 0:00:00]} 3. Nf3 {[%emt 0:00:01]} Nf6 {[%emt 0:00:05]} 4. Nc3 {[%emt 0:00:01]} a6 {[%emt 0:00:07]} 5. b3 {[%emt 0:00:05]} g6 {[%emt 0:00:03]} 6. Bb2 {[%emt 0:00:02]} Bg7 {[%emt 0:00:01]} 7. Be2 {[%emt 0:00:04]} O-O {[%emt 0:00:02]} 8. O-O {[%emt 0:00:02]} b5 {[%emt 0:00:04]} 9. cxd5 {[%emt 0:00:13]} cxd5 {[%emt 0:00:03]} 10. Rc1 {[%emt 0:00:01]} Bb7 {[%emt 0:00:07]} 11. d3 {[%emt 0:00:11]} Nbd7 {[%emt 0:00:06]} 12. Qd2 {[%emt 0:00:02]} e6 {[%emt 0:00:10]} 13. Ba3 {[%emt 0:00:10]} Re8 {[%emt 0:00:02]} 14. Rc2 {[%emt 0:00:02]} Rc8 {[%emt 0:00:04]} 15. Rfc1 {[%emt 0:00:01]} Qb6 {[%emt 0:00:04]} 16. Bb2 {[%emt 0:00:06]} Rc6 {[%emt 0:00:15]} 17. Nd4 {[%emt 0:00:06]} Rcc8 {[%emt 0:00:05]} 18. h3 {[%emt 0:00:06]} h6 {[%emt 0:00:04]} 19. Bf1 {[%emt 0:00:04]} Red8 {[%emt 0:00:44]} 20. Nde2 {[%emt 0:00:07]} Re8 {[%emt 0:00:06]} 21. Ng3 {[%emt 0:00:04]} e5 {[%emt 0:00:05]} 22. Nce2 {[%emt 0:00:09]} h5 {[%emt 0:00:23]} 23. Rxc8 {[%emt 0:00:10]} Rxc8 {[%emt 0:00:01]} 24. Rxc8+ {[%emt 0:00:01]} Bxc8 {[%emt 0:00:01]} 25. Qc2 {[%emt 0:00:03]} Bb7 {[%emt 0:00:05]} 26. d4 {[%emt 0:00:23]} e4 {[%emt 0:00:19]} 27. Nc1 {[%emt 0:00:06]} Qc6 {[%emt 0:00:06]} 28. Qxc6 {[%emt 0:00:04]} Bxc6 {[%emt 0:00:00]} 29. Nge2 {[%emt 0:00:02]} Bf8 {[%emt 0:00:02]} 30. a3 {[%emt 0:00:09]} Bd6 {[%emt 0:00:02]} 31. b4 {[%emt 0:00:04]} Nb6 {[%emt 0:00:04]} 32. Nb3 {[%emt 0:00:01]} Nc4 {[%emt 0:00:05]} 33. Bc1 {[%emt 0:00:01]} Kf8 {[%emt 0:00:01]} 34. Nc3 {[%emt 0:00:02]} Ke7 {[%emt 0:00:02]} 35. Nc5 {[%emt 0:00:03]} Bxc5 {[%emt 0:00:07]} 36. dxc5 {[%emt 0:00:01]} Nd7 {[%emt 0:00:05]} 37. f4 {[%emt 0:00:03]} f5 {[%emt 0:00:04]} 38. Be2 {[%emt 0:00:03]} Nf6 {[%emt 0:00:02]} 39. Bd1 {[%emt 0:00:04]} Ke6 {[%emt 0:00:03]} 40. Ne2 {[%emt 0:00:01]} Kd7 {[%emt 0:00:02]} 41. Nd4 {[%emt 0:00:01]} Ne8 {[%emt 0:00:03]} 42. g4 {[%emt 0:00:03]} hxg4 {[%emt 0:00:01]} 43. hxg4 {[%emt 0:00:00]} Nc7 {[%emt 0:00:03]} 44. gxf5 {[%emt 0:00:02]} gxf5 {[%emt 0:00:03]} 45. Nxf5 {[%emt 0:00:01]} Ne6 {[%emt 0:00:03]} 46. Bg4 {[%emt 0:00:01]} Kd8 {[%emt 0:00:10]} 47. Kf2 {[%emt 0:00:06]} Bd7 {[%emt 0:00:01]} 48. Kg3 {[%emt 0:00:01]} Nf8 {[%emt 0:00:04]} 49. Nd4 {[%emt 0:00:11]} Bxg4 {[%emt 0:00:04]} 50. Kxg4 {[%emt 0:00:00]} Kd7 {[%emt 0:00:02]} 51. Kg5 {[%emt 0:00:07]} Nh7+ {[%emt 0:00:06]} 52. Kg6 {[%emt 0:00:02]} Nf8+ {[%emt 0:00:01]} 53. Kg7 {[%emt 0:00:00]} Ke7 {[%emt 0:00:01]} 54. Nf5+ {[%emt 0:00:19]} Ke8 {[%emt 0:00:01]} 55. Nd6+ {[%emt 0:00:01]} Ke7 {[%emt 0:00:01]} 56. Nc8+ {[%emt 0:00:04]} Ke8 {[%emt 0:00:01]} 57. Nb6 {[%emt 0:00:01]} Nxb6 {[%emt 0:00:15]} 58. cxb6 {[%emt 0:00:02]} Nd7 {[%emt 0:00:01]} 59. b7 {[%emt 0:00:01]} Ke7 {[%emt 0:00:01]} 60. Bb2 {[%emt 0:00:02]} Ke6 {[%emt 0:00:01]} 61. Kg6 {[%emt 0:00:08]} Nf8+ {[%emt 0:00:01]} 62. Kg5 Nd7 63. f5+ {[%emt 0:00:02]} Kd6 {[%emt 0:00:03]} 64. f6 {[%emt 0:00:06]} Ke6 {[%emt 0:00:01]} 65. Bd4 {[%emt 0:00:04]} Nb8 {[%emt 0:00:05]} 66. Kg6 {[%emt 0:00:02]} Nd7 {[%emt 0:00:03]} 67. Kg7 {[%emt 0:00:02]} Kd6 {[%emt 0:00:04]} 68. f7 Ke7 69. Bc5+ {[%emt 0:00:04]} Ke6 {[%emt 0:00:02]} 1-0

[Event "RUS-ch Men Blitz 2019"]
[Site "Sochi"]
[Date "2019.10.17"]
[Round "6.26"]
[White "Gabitov, Ruslan"]
[Black "Rozum, Ivan"]
[Result "0-1"]
[WhiteElo "2172"]
[BlackElo "2599"]
[Annotator "ChessBase"]
[PlyCount "65"]
[EventDate "2019.10.17"]
[EventType "swiss"]
[EventCountry "RUS"]
[SourceTitle "playchess.com"]
[Source "ChessBase"]
[SourceQuality "1"]
[TimeControl "180+2"]

1. g3 {[%emt 0:00:00]} d5 {[%emt 0:00:01]} 2. Bg2 {[%emt 0:00:00]} c6 {[%emt 0:00:01]} 3. d3 {[%emt 0:00:02]} e5 {[%emt 0:00:01]} 4. Nd2 {[%emt 0:00:01]} Nf6 {[%emt 0:00:02]} 5. e4 {[%emt 0:00:01]} Bd6 {[%emt 0:00:01]} 6. Ngf3 {[%emt 0:00:01]} O-O {[%emt 0:00:01]} 7. O-O {[%emt 0:00:01]} Re8 {[%emt 0:00:01]} 8. h3 {[%emt 0:00:09]} Nbd7 {[%emt 0:00:01]} 9. Re1 {[%emt 0:00:04]} Nf8 {[%emt 0:00:01]} 10. b3 {[%emt 0:00:02]} Ng6 {[%emt 0:00:02]} 11. Bb2 {[%emt 0:00:02]} a5 {[%emt 0:00:02]} 12. d4 {[%emt 0:00:21]} exd4 {[%emt 0:00:24]} 13. Nxd4 {[%emt 0:00:07]} Bf8 {[%emt 0:00:25]} 14. exd5 {[%emt 0:00:25]} Rxe1+ {[%emt 0:00:02]} 15. Qxe1 {[%emt 0:00:02]} Nxd5 {[%emt 0:00:00]} 16. N4f3 {[%emt 0:00:24]} a4 {[%emt 0:00:03]} 17. Nc4 {[%emt 0:00:14]} a3 {[%emt 0:00:02]} 18. Bd4 {[%emt 0:00:11]} Bf5 {[%emt 0:00:03]} 19. Rc1 {[%emt 0:00:27]} Nb4 {[%emt 0:00:06]} 20. Bb6 {[%emt 0:00:21]} Qf6 {[%emt 0:00:24]} 21. Nd4 {[%emt 0:00:18]} Bd7 {[%emt 0:00:20]} 22. Qd2 {[%emt 0:00:20]} Nxa2 23. Ra1 Bb4 {[%emt 0:00:19]} 24. Qd3 {[%emt 0:00:04]} Nc3 {[%emt 0:00:03]} 25. Nf3 {[%emt 0:00:04]} Bf5 {[%emt 0:00:04]} 26. Qf1 {[%emt 0:00:02]} Bxc2 {[%emt 0:00:03]} 27. Bd4 {[%emt 0:00:01]} Qd8 {[%emt 0:00:16]} 28. Kh2 {[%emt 0:00:06]} Bxb3 {[%emt 0:00:23]} 29. Nb6 {[%emt 0:00:00]} Ra6 {[%emt 0:00:04]} 30. Nc4 {[%emt 0:00:06]} a2 {[%emt 0:00:05]} 31. Ncd2 {[%emt 0:00:02]} Bd5 {[%emt 0:00:04]} 32. Qd3 {[%emt 0:00:03]} Nb5 {[%emt 0:00:11]} 33. Bb2 0-1

[Event "RUS-ch Men Blitz 2019"]
[Site "Sochi"]
[Date "2019.10.17"]
[Round "6.27"]
[White "Stambulian, Arsen"]
[Black "Iljin, Artem"]
[Result "0-1"]
[WhiteElo "2306"]
[BlackElo "2509"]
[Annotator "TA"]
[PlyCount "82"]
[EventDate "2019.10.17"]
[EventType "swiss"]
[EventCountry "RUS"]
[SourceTitle "playchess.com"]
[Source "ChessBase"]
[SourceQuality "1"]

{[%evp 16,82,-8,-6,0,0,13,8,21,-19,-6,-18,20,-28,-32,-10,0,-15,-26,-103,-101,-99,-106,-103,-106,-171,-160,-199,-194,-195,-195,-197,-193,-275,-274,-277,-277,-277,-276,-276,-275,-283,-256,-279,-277,-280,-271,-279,-279,-292,-290,-333,-333,-326,-324,-318,-318,-318,-314,-339,-316,-361,-357,-347,-307,-443,-429,-471,-440]} 1. Nf3 d5 2. g3 Nf6 3. Bg2 e6 4. O-O Be7 5. c4 O-O 6. b3 b6 7. Bb2 Bb7 8. d4 dxc4 9. bxc4 c5 {E17: Queen's Indian: 4 g3 Bb7 5 Bg2 Be7} 10. e3 cxd4 11. exd4 Nc6 {The position is equal.} 12. Re1 $146 ({Predecessor:} 12. Qe2 Qc7 13. Nbd2 Rad8 14. Rac1 Rfe8 15. Rfd1 h6 {1-0 (60) Ju,W (2514)-Hou,Y (2629) Beijing 2013}) 12... Rc8 13. Nbd2 Re8 14. Qa4 Na5 15. Rac1 Qd7 16. Qxd7 Nxd7 17. Ne5 (17. Bf1 $11 {keeps the balance.}) 17... Bxg2 $17 18. Kxg2 Nxe5 19. Rxe5 Bb4 $36 {[%mdl 2048] Black is really pushing.} 20. Bc3 (20. Re2 $17 {is a better defense.}) 20... Ba3 21. Rce1 Nxc4 22. Nxc4 Rxc4 23. R5e3 Rd8 24. d5 (24. Rd1 $142) 24... Rxd5 $19 25. Be5 Bc5 26. R3e2 h6 27. h3 Rd3 28. Bf4 Bd6 29. Be3 Kf8 30. Rb1 g5 31. Rb5 Kg7 32. Rb1 Kg6 33. Rh1 h5 34. Rb1 Bc5 35. Bxc5 Rxc5 {[%mdl 4096] Endgame KRR-KRR} ({Resist} 35... bxc5 36. Rb5 $19) 36. Rb4 Rcd5 37. Rc4 Rd2 38. Kf1 Rxe2 39. Kxe2 Ra5 40. Rc2 (40. a4 {was forced.}) 40... Ra3 41. Rd2 h4 {Accuracy: White = 22%, Black = 78%.} 0-1

[Event "RUS-ch Men Blitz 2019"]
[Site "Sochi"]
[Date "2019.10.17"]
[Round "6.28"]
[White "Nazaryev, Sergey"]
[Black "Belozerov, Andrei"]
[Result "1/2-1/2"]
[WhiteElo "2270"]
[BlackElo "2515"]
[Annotator "TA"]
[PlyCount "127"]
[EventDate "2019.10.17"]
[EventType "swiss"]
[EventCountry "RUS"]
[SourceTitle "playchess.com"]
[Source "ChessBase"]
[SourceQuality "1"]

{[%evp 9,127,0,24,3,-1,-8,4,-11,-3,-6,-7,-13,0,0,0,0,0,-9,13,-9,-21,-8,10,12,0,-20,0,0,0,0,26,-13,-10,-61,-72,-72,-47,-58,-56,-112,-85,-145,-117,-116,-113,-187,-156,-194,-109,-104,-97,-130,-123,-240,-243,-232,-243,-275,-276,-261,-266,-272,-247,-222,-59,-85,-99,-190,-90,-101,-103,-250,-236,-261,-250,-242,-210,-210,-54,-57,-50,-50,-50,-50,-8,-8,-8,-8,-8,-305,-293,-1096,-8,-292,-8,-8,0,-8,-8,-8,-8,-8,-8,-8,-8,-8,-8,-8,-8,-8,-8,-8,-1,-8,0,0,0,0,0,0]} 1. d4 d5 ({Predecessor:} 1... Nf6 2. Nf3 g6 3. Bf4 Bg7 4. Nbd2 c5 5. c3 Qb6 6. Qb3 Nc6 7. e3 d5 8. dxc5 Qxc5 {1-0 (47) Pesqueira,J (1969)-Kim,C (1846) Tromsoe 2014}) 2. Nf3 Nf6 3. Bf4 c5 4. c3 Qb6 5. Qb3 Nc6 {[%cal Rc5d4]} 6. dxc5 $146 {D02: 1 d4 d5 2 Nf3 sidelines, including 2...Nf6 3 g3 and 2...Nf6 3 Bf4} (6. Na3 c4 7. Qxb6 axb6 8. Nb5 Ra5 9. a4 Bf5 10. e3 Bc2 11. Be2 e6 12. Bd1 Bxd1 13. Kxd1 Ne4 {½-½ (60) Noe,C (2529)-Gledura,B (2622) Germany 2018}) 6... Qxc5 7. e3 g6 8. h3 Bg7 9. Nbd2 {[%cal Bb1d2,Bd2b3,Bb3c5][%mdl 32]} O-O 10. Qb5 Nd7 11. Nb3 Qxb5 12. Bxb5 a6 13. Be2 Nb6 14. Nc5 e5 15. Bg3 Nd7 16. Nxd7 Bxd7 17. O-O h6 18. Rfd1 Be6 19. Nd2 d4 20. exd4 exd4 21. cxd4 (21. Ne4 $11) 21... Nxd4 $15 22. Bc4 Rac8 23. Bxe6 $1 Nxe6 24. Ne4 (24. Nf3 $15) 24... Rc2 $17 (24... Bxb2 $6 25. Rab1 $11) 25. Rd2 (25. Rab1 $142) 25... Rxd2 (25... Rxb2 $6 26. Rxb2 Bxb2 27. Rb1 $11) ({Much worse is} 25... Bxb2 $6 26. Rb1 $11) 26. Nxd2 Rc8 ({Of course not} 26... Bxb2 $6 27. Rb1 $11) 27. Ne4 (27. Rb1 $17) 27... Bxb2 28. Rb1 Rc1+ (28... Rc2 $19 {aiming for ...f5.} 29. Bb8 f5) 29. Rxc1 Bxc1 {[%mdl 4096] Endgame KBN-KBN} 30. Nd6 b5 31. Be5 (31. Ne8 $17 {keeps fighting.}) 31... Bf4 $19 32. Bxf4 Nxf4 {KN-KN} 33. Ne4 Kf8 34. Kf1 Ke7 35. h4 Nd5 36. Ke1 Nf6 $2 ({Black should play} 36... Nb4 $19 37. Nc3 Kd6) 37. Nc5 $15 a5 38. Kd2 (38. Nb3 $17 {is a better defense.}) 38... Kd6 (38... a4 $19 {is more deadly.} 39. Nd3 Nd5) 39. Nb7+ $17 Kd5 40. Nxa5 (40. f3 $17) 40... Ne4+ $1 $19 41. Ke3 Nc3 42. Nb7 Nxa2 43. Nd8 f5 $2 (43... f6 $1 $19 44. Kd2 b4) 44. Nf7 $15 b4 {[%cal Bb5b4,Bb4b3][%mdl 32]} 45. Kd3 Nc3 46. Nxh6 Ne4 (46... Nd1 $5 {[%cal Rd1f2]} 47. f3 f4 $17) 47. f3 Nc5+ 48. Kc2 Kc4 {[#] Hoping for ...Nd3.} 49. Nf7 $2 {[%mdl 8192]} (49. h5 $1 $11 {[%mdl 512] and White has nothing to worry.} gxh5 50. Nxf5) 49... b3+ $19 50. Kd2 $2 (50. Kb1 Kc3 51. Nd6) 50... Kd4 $2 (50... f4 $19 {...Kb4 is the strong threat.} 51. Kc1 Nd3+ 52. Kb1 Kc3) 51. Nd6 $2 {[%mdl 8192] [#]} (51. Nh8 $1 $11 {and White is okay.}) 51... Ne6 $2 ({Worse is} 51... Kd5 52. Nf7 $11) (51... f4 $1 $19 {Strongly threatening ...b2.} 52. Ne8 Nd3) 52. g4 $11 {The position is equal.} f4 53. h5 gxh5 54. gxh5 Ng5 55. h6 Nxf3+ 56. Kc1 $132 {[%mdl 2048] White has counterplay} Ng5 {White must now prevent ...Kc3.} 57. Kb2 f3 58. Nf5+ Ke5 59. Ng3 Kf4 60. Nf1 Kg4 61. Nh2+ Kh5 {[#]} 62. Nxf3 $1 {[%mdl 512]} Kxh6 (62... Nxf3 63. h7) 63. Nxg5 Kxg5 64. Kxb3 {Accuracy: White = 36%, Black = 38%.} 1/2-1/2

[Event "RUS-ch Men Blitz 2019"]
[Site "Sochi"]
[Date "2019.10.17"]
[Round "6.29"]
[White "Derjabin, Ilja"]
[Black "Gogolev, Artem"]
[Result "0-1"]
[WhiteElo "2333"]
[BlackElo "2339"]
[Annotator "NA"]
[PlyCount "52"]
[EventDate "2019.10.17"]
[EventType "swiss"]
[EventCountry "RUS"]
[SourceTitle "playchess.com"]
[Source "ChessBase"]
[SourceQuality "1"]
[TimeControl "180+2"]

1. d4 {[%emt 0:00:00]} Nf6 {[%emt 0:00:00]} 2. c4 {[%emt 0:00:00]} e6 {[%emt 0:00:00]} 3. Nc3 {[%emt 0:00:01]} Bb4 {[%emt 0:00:01]} 4. f3 {[%emt 0:00:02]} d5 {[%emt 0:00:01]} 5. a3 {[%emt 0:00:01]} Bxc3+ {[%emt 0:00:02]} 6. bxc3 {[%emt 0:00:01]} c5 {[%emt 0:00:01]} 7. e3 {[%emt 0:00:01]} Nc6 {[%emt 0:00:05]} 8. cxd5 {[%emt 0:00:05]} Nxd5 {[%emt 0:00:03]} 9. Bd2 {[%emt 0:00:09]} cxd4 {[%emt 0:00:06]} 10. exd4 {[%emt 0:00:12]} O-O {[%emt 0:00:02]} 11. f4 {[%emt 0:00:21]} b6 {[%emt 0:00:28]} 12. Nf3 {[%emt 0:00:03]} Bb7 {[%emt 0:00:01]} 13. Bd3 {[%emt 0:00:07]} h6 {[%emt 0:00:10]} 14. O-O {[%emt 0:00:03]} Rc8 {[%emt 0:00:01]} 15. Qe2 {[%emt 0:00:16]} Na5 {[%emt 0:00:03]} 16. c4 {[%emt 0:00:39]} Nf6 {[%emt 0:00:12]} 17. Bxa5 {[%emt 0:00:02]} Bxf3 {[%emt 0:00:11]} 18. Qxf3 {[%emt 0:00:08]} Qxd4+ {[%emt 0:00:01]} 19. Kh1 {[%emt 0:00:01]} bxa5 {[%emt 0:00:01]} 20. Rad1 {[%emt 0:00:03]} Qc5 {[%emt 0:00:03]} 21. Rb1 {[%emt 0:00:35]} Rfd8 {[%emt 0:00:10]} 22. Rb7 {[%emt 0:00:06]} Rd4 {[%emt 0:00:15]} 23. h3 {[%emt 0:00:10]} Rcd8 24. Be2 Re4 {[%emt 0:00:14]} 25. Rfb1 {[%emt 0:00:13]} Re3 {[%emt 0:00:03]} 26. Qf1 {[%emt 0:00:01]} Ne4 {[%emt 0:00:03]} 0-1